Teoría de los precios y aplicaciones (Registro nro. 997)
[ vista simple ]
| 000 -LEADER | |
|---|---|
| fixed length control field | 01701 a2200229 4500 |
| 001 - CONTROL NUMBER | |
| control field | 22380 |
| 005 - DATE AND TIME OF LATEST TRANSACTION | |
| control field | 20260407155514.0 |
| 008 - FIXED-LENGTH DATA ELEMENTS--GENERAL INFORMATION | |
| fixed length control field | 260407a1996 arg spa d |
| 003 - CONTROL NUMBER IDENTIFIER | |
| control field | AR-UNSa-BCEJYS |
| 040 ## - CATALOGING SOURCE | |
| Original cataloging agency | AR-UNSa-BCEJYS |
| Language of cataloging | spa |
| Transcribing agency | AR-UNSa-BCEJYS |
| 080 ## - UNIVERSAL DECIMAL CLASSIFICATION NUMBER | |
| Universal Decimal Classification number | 338.5.01 |
| Common auxiliary subdivision | Teorías de los precios<br/> |
| 020 ## - INTERNATIONAL STANDARD BOOK NUMBER | |
| International Standard Book Number | 978-84-481-0348-4 |
| 100 1# - MAIN ENTRY--PERSONAL NAME | |
| Personal name | Pashigian, Peter B. |
| 245 10 - TITLE STATEMENT | |
| Title | Teoría de los precios y aplicaciones |
| 264 #1 - PRODUCTION, PUBLICATION, DISTRIBUTION, MANUFACTURE, AND COPYRIGHT NOTICE | |
| Place of production, publication, distribution, manufacture | Madrid : |
| Name of producer, publisher, distributor, manufacturer | McGraw-Hill |
| Date of production, publication, distribution, manufacture, or copyright notice | 1996 |
| 300 ## - PHYSICAL DESCRIPTION | |
| Extent | xxxi, 780 p. |
| Dimensions | 25 cm. |
| 505 ## - FORMATTED CONTENTS NOTE | |
| Formatted contents note | 1. El modelo de oferta y demanda y la determinación de los precios - 2. El comportamiento del consumidor y la demanda de mercado - 3. Ampliación de la teoría del comportamiento del consumidor - 4. El coste del tiempo y la teoría del comportamiento del consumidor - 5. La función de producción y los costes de la empresa - 6. Las funciones de coste de la empresa - 7. Las funciones de oferta de una empresa competitiva - 8. La determinación del precio en una industria competitiva - 9. La fijación de precios en el monopolio - 10. La fijación de precios en el oligopolio - 11. Los objetivos de la empresa - 12. La discriminación de precios - 13. El problema del usuario gratuito y la fijación de precios - 14. El comportamiento del mercado bajo información asimétrica - 15. Fijación de precios bajo incertidumbre - 16. El comportamiento de los consumidores y de los productores a lo largo del tiempo - 17. La determinación del salario en el mercado de trabajo - 18. Eficiencia económica y equilibrio general - 19. Obstáculos a la eficiencia económica |
| 590 ## - LOCAL NOTE (RLIN) | |
| Local note | niveau_biblio:m niveau_hierar:0 |
| 700 1# - ADDED ENTRY--PERSONAL NAME | |
| Personal name | Febrero, Ramón |
| 700 1# - ADDED ENTRY--PERSONAL NAME | |
| Personal name | Lozano, Susana |
| 942 ## - ADDED ENTRY ELEMENTS (KOHA) | |
| Koha item type | |
| Withdrawn status | Lost status | Damaged status | Not for loan | Home library | Current library | Shelving location | Date acquired | Total checkouts | Full call number | Barcode | Date last seen | Price effective from | Koha item type | Public note |
|---|---|---|---|---|---|---|---|---|---|---|---|---|---|---|
| Biblioteca Prof. Eusebio Cleto del Rey | Biblioteca Prof. Eusebio Cleto del Rey | 07/04/2026 | 338.5.01 P277 | L70166 | 07/04/2026 | 07/04/2026 | Libro | |||||||
| Biblioteca Prof. Eusebio Cleto del Rey | Biblioteca Prof. Eusebio Cleto del Rey | 07/04/2026 | 338.5.01 P277 | L70167 | 07/04/2026 | 07/04/2026 | Libro | |||||||
| Biblioteca Prof. Eusebio Cleto del Rey | Biblioteca Prof. Eusebio Cleto del Rey | 07/04/2026 | 338.5.01 P277 | L70168 | 07/04/2026 | 07/04/2026 | Libro | |||||||
| Biblioteca Prof. Eusebio Cleto del Rey | Biblioteca Prof. Eusebio Cleto del Rey | 07/04/2026 | 338.5.01 P277 | L70169 | 07/04/2026 | 07/04/2026 | Libro | HÚMEDO | ||||||
| Biblioteca Prof. Eusebio Cleto del Rey | Biblioteca Prof. Eusebio Cleto del Rey | 07/04/2026 | 338.5.01 P277 | L70165 | 07/04/2026 | 07/04/2026 | Libro |